| 000 | 00926nam a2200217Ia 4500 | ||
|---|---|---|---|
| 001 | 11280 | ||
| 003 | GE_BSU | ||
| 008 | 181216s||||||||xx |||||||||||||| ||und|| | ||
| 040 | _cGE_BSU | ||
| 080 | _a630.2(075.8) | ||
| 100 | _aთარგამაძე კ.მ. | ||
| 245 | _aტყის მეურნეობის წარმოების ორგანიზაცია და დაგეგმვა (ნაწ. 2) | ||
| 245 | _cრედ: ვ.მ. გულისაშვილი, პ.მ. ჟღენტი | ||
| 260 | _aთბილისი. | ||
| 260 | _bსას-სამ. ინ-ტის გამ-ბა | ||
| 260 | _c1958 | ||
| 300 | _a200გვ.24სმ. | ||
| 300 | _eდანართი #1 გვ. 179 | ||
| 653 | _aტყის მეურნეობის წარმოების ორგანიზაცია და დაგეგმვა (ნაწ. 2) | ||
| 942 | _cBK | ||
| 999 |
_c44482 _d44482 |
||